000 00287nam a22001217a 4500
008 181218b xxu||||| |||| 00| 0 eng d
041 _aeng
080 _a910
100 _a42
101 _aGJEO
245 _aTeacher's Manual for The Eastern Hemisphere
_cDrummond,H.D
942 _2udc
_cBK
999 _c53367
_d53367